Moon princess (The) / (Record no. 102233)
[ view plain ]
| 000 -LEADER | |
|---|---|
| fixed length control field | 00712nam a2200193 a 4500 |
| 005 - DATE AND TIME OF LATEST TRANSACTION | |
| control field | 20140412111232.0 |
| 008 - FIXED-LENGTH DATA ELEMENTS--GENERAL INFORMATION | |
| fixed length control field | 001116s19uu xx 00 eng d |
| 020 ## - INTERNATIONAL STANDARD BOOK NUMBER | |
| International Standard Book Number | 4-7700-1756-1 |
| 050 ## - LIBRARY OF CONGRESS CALL NUMBER | |
| Classification number | ER |
| Item number | Mo77 1993 |
| 100 ## - MAIN ENTRY--PERSONAL NAME | |
| Personal name | McCarthy, Ralph F. |
| 245 ## - TITLE STATEMENT | |
| Title | Moon princess (The) / |
| Statement of responsibility, etc | retold by Ralph F. McCarthy ; illustrations by Kancho Oda. |
| 260 ## - PUBLICATION, DISTRIBUTION, ETC. (IMPRINT) | |
| Place of publication, distribution, etc | Tokyo : |
| Name of publisher, distributor, etc | Kodansha International, |
| Date of publication, distribution, etc | 1993. |
| 300 ## - PHYSICAL DESCRIPTION | |
| Extent | 47 p. ; ill. |
| 440 ## - SERIES STATEMENT/ADDED ENTRY--TITLE | |
| Title | Kodansha Children's Classics |
| 520 ## - SUMMARY, ETC. | |
| Summary, etc | A young girl raised in the humble home of a bamboo cutter grows up to be wise and renowned beauty but eventually she must return to her real home. |
| 650 ## - SUBJECT ADDED ENTRY--TOPICAL TERM | |
| Topical term or geographic name as entry element | Stories in rhyme |
| 650 ## - SUBJECT ADDED ENTRY--TOPICAL TERM | |
| Topical term or geographic name as entry element | Folklore |
| General subdivision | Japan |
| Withdrawn status | Lost status | Damaged status | Use restrictions | Home library | Current library | Shelving location | Date acquired | Source of acquisition | Total Checkouts | Full call number | Barcode | Date last seen | Price effective from | Koha item type |
|---|---|---|---|---|---|---|---|---|---|---|---|---|---|---|
| Elizalde Library | Elizalde Library | Easy Reading Section | 11/16/2000 | ER Mo77 1993 | E0955 | 04/12/2014 | 04/12/2014 | Books |